000 00527nmm a2200169Ia 4500
008 251105s9999||||xx |||||||||||||||||und||
020 _a9788497426329
041 _aspa
100 _aFraud, Sigmund
245 0 _aObras completas de Sigmund Freud. Tomo 8: (1925-1933) :
_b Ensayos CXLV al CLXXXIV
264 _a[Madrid, España] :
_bBiblioteca Nueva,
_c2007
300 _a428 páginas
490 _aBiblioteca Sigmund Freud
650 _aPsychology
856 _uhttps://public.digitaliapublishing.com/a/4229
942 _cCF
999 _c90311
_d90311